Vista normal Vista MARC

Entrada Personal Name

Número de registros utilizados en: 1

001 - CONTROL NUMBER

  • control field: 2478

003 - CONTROL NUMBER IDENTIFIER

  • control field: OSt

005 - DATE AND TIME OF LATEST TRANSACTION

  • control field: 20200403130259.0

008 - FIXED-LENGTH DATA ELEMENTS

  • fixed length control field: 200403|| aca||aabn | a|a d

040 ## - CATALOGING SOURCE

  • Original cataloging agency: OSt
  • Transcribing agency: OSt

100 ## - HEADING--PERSONAL NAME

  • Personal name: Cajiao, Hernán J.,

670 ## - SOURCE DATA FOUND

  • Source citation: Work cat.: (OSt)4133: Cajiao, Hernán J., autor, Cambia tu lenguaje y empodera a tus hijos /, 2013